Scottish League 2 Football Team by Logo - Statistics

General Stats
  • This quiz has been taken 36 times
  • The average score is 8 of 10
Answer Stats
Picture Answer % Correct
East Fife
92%
Bonnyrigg Rose
88%
Clyde
85%
Edinburgh City
85%
Spartans
85%
Stirling Albion
81%
Peterhead
77%
Elgin City
73%
Forfar Athletic
65%
Stranraer
65%
No matching quizzes found
Score Distribution
Percent of People with Each Score
Percentile by Number Answered
Your Score History
You have not taken this quiz